000 03525nab a2200325 i 4500
003 BR-BrBNA
005 20241210095816.0
008 241210b2011 bl.qr|pooa||| 00| 0 eng |
040 _aBR-BrBNA
_beng
072 _aF62
072 _aT01
100 _aNogueira, Lucas
100 _aInckot, Renata Charvet
100 _aSantos, Gedir de Oliveira
100 _aSouza, Luiz Antonio de
100 _aBona, Cleusa
245 _aPhytotoxicity of petroleum-contaminated soil and bioremediated soil on soil on soil on Allophylus edulis
500 _aPublicação on-line; 39 ref.; 3 tables; 2 illus.; Summaries (En, Pt)
520 _a Abstract This study aimed to assess the effect of petroleum-contaminated and bioremediated soils on germination, growth and anatomical structure of Allophylus edulis. We tested oil-contaminated soil, bioremediated soil and non-contaminated soil. We evaluated germination percentage, germination speed index (GSI), biomass and length of roots and shoots, total biomass, root and hypocotyl diameter, thickness of eophylls and cotyledons, leaf area, eophyll stomatal index and seedling anatomy. Germination percentage, GSI, biomass and leaf area did not differ between treatments after 30 days. Root biomass and plant height were lower in the noncontaminated treatment. Root biomass and leaf area differed between treatments after 60 days. Thickness of cotyledons was higher in bioremediated soil than in other treatments. Root and eophyll structure showed little variation in contaminated soil. We conclude that A. edulis was not affected by petroleum in contaminated and bioremediated soils and that this species has potential for phytoremediation. Key words: hydrocarbons, seedling, germination, biomass, anatomy
520 _a Resumo O objetivo do trabalho foi avaliar o efeito do solo contaminado por petróleo e biorremediado na germinação, crescimento e estrutura anatômica de Allophylus edulis. Foram testados: solo contaminado por petróleo, solo biorremediado e solo não contaminado. Foram avaliados: porcentagem e índice de velocidade de germinação (GSI), biomassa e comprimento radicular e aéreo, biomassa total, diâmetro radicular e do hipocótilo, espessura dos cotilédones e eofilos, área foliar, índice estomático dos eofilos e a estrutura anatômica da plântula. A porcentagem de germinação, GSI, biomassa aérea e área foliar não diferiram entre os tratamentos após 30 dias. A biomassa radicular e o comprimento aéreo foram menores no tratamento sem contaminação. Após 60 dias, a biomassa radicular e a área foliar foram diferentes entre os tratamentos. A espessura do cotilédone, em solo biorremediado, foi maior que nos demais tratamentos. A estrutura radicular e do eofilo apresentou poucas alterações em solo contaminado. Conclui-se que A. edulis não foi afetada pelo solo contaminado e biorremediado, apresentando potencial para fitorremediação. Palavras-chave: hidrocarbonetos, plântula, germinação, biomassa, anatomia.
650 _aHIDROCARBONETO
650 _aPLÂNTULA
650 _aGERMINAÇÃO
650 _aBIOMASSA
650 _aANATOMIA
773 0 _0709
_9347204
_dRio de Janeiro-RJ Jardim Botanico do Rio de Janeiro 1935
_o2024-8121
_tRodriguésia (Brazil)
_x0370-6583; 2175-7860 on-line
_gv. 62(3) p. 459-466; (2011)
_wBR2024003833
856 _uhttps://www.scielo.br/j/rod/a/8DgHgrNhs8CZ4p8wzbHTwxJ/?format=pdf&lang=en
942 _cANA
999 _c329134
_d329134